000 00367 a2200169 4500
001 170681
020 _a85-7208-048-1
040 _cMagnum
100 _aAbras, Santuza
240 1 0 _a1 É 5, 3 é 10!
_lpor
245 1 0 _a1 É 5, 3 é 10!
300 _a12
362 0 _a1988
440 1 _aFormato Editorial
697 _aLITERATURA INFANTO-JUVENIL
942 _cBK
999 _c170681
_d170681